Statistics for The First Ever Premier League Standings

Click here to take the quiz!

General Stats

  • This quiz has been taken 56 times
  • The average score is 19 of 22

Answer Stats

Club% Correct
Man United
100%
Arsenal
98%
Chelsea
98%
Liverpool
98%
Everton
94%
Leeds United
92%
Man City
92%
Aston Villa
90%
Blackburn Rovers
90%
Norwich City
90%
Nottingham Forest
90%
Tottenham
90%
Middlesbrough
85%
Crystal Palace
83%
Sheffield United
81%
Sheffield Wednesday
81%
Southampton
79%
Coventry
77%
Ipswich Town
77%
QPR
75%
Oldham Athletic
71%
AFC Wimbledon
56%

Score Distribution

Percentile by Number Answered

Percent of People with Each Score

Your Score History

You have not taken this quiz